Statistics for Countries That Border The Gulf of Guinea

Click here to take the quiz!

General Stats

  • This quiz has been taken 24 times
  • The average score is 8 of 8

Answer Stats

Answer% Correct
Equatorial Guinea
100%
Gabon
100%
Nigeria
100%
Benin
96%
Cameroon
96%
Ghana
96%
Togo
96%
Sao Tome and Principe
83%

Score Distribution

Percentile by Number Answered

Percent of People with Each Score

Your Score History

You have not taken this quiz